000 004360000a22001690004500
003 LK-CoMWRAF
008 230817t ||||| |||| 00| 0 eng d
040 _aLK-CoMWRAF
_dLK-CoMWRAF
_eLK-CoMWRAF
041 _aeng
082 _a770
_bOUT
245 _aOutline of a development programme for the east
_b
260 _aColombo
_bRDDMFPEANI
_c1995
300 _ap.123
490 _aVol-1
650 _aDevelopment & Economics
942 _cBK
999 _c2970
_d2970